000 01013cam a22002653a 4500
001 19915
003 PGUSA
005 20140828083424.0
008 061124s2006||||xxu|||||s|||||000 1 eng d
040 _aPGUSA
_beng
042 _adc
050 4 _aPZ
100 1 _aHoffmann, Heinrich,
_d1809-1894
245 1 0 _aSlovenly Betsy
_h[electronic resource] /
_cHeinrich Hoffmann
260 _bProject Gutenberg,
_c2006
505 0 _aSlovenly Betsy -- Phoebe Ann, the Proud Girl -- The Dreadful Story of Pauline and the Matches -- What Happened to Lazy Charlotte -- The Cry-Baby -- The Story of Romping Polly -- The Story of a Dirty Child -- Envious Minnie -- The Little Glutton -- Sophie Spoilall.
506 _aPublic domain in the USA.
516 _aElectronic text
653 _aBehavior -- Fiction
653 _aChildren's stories, German -- Translations into English
653 _aStories in rhyme
830 0 _aProject Gutenberg
_v19915
856 4 0 _uhttp://www.gutenberg.org/ebooks/19915
942 _cEB
999 _c249170
_d249170